Neurology at the Bedside (Post nr. 5742)
[ visa ren ]
| 000 -LEADER | |
|---|---|
| fixed length control field | 02726nam a22004335i 4500 |
| 001 - CONTROL NUMBER | |
| control field | 60444 |
| 005 - DATE AND TIME OF LATEST TRANSACTION | |
| control field | 20200226102512.0 |
| 007 - PHYSICAL DESCRIPTION FIXED FIELD--GENERAL INFORMATION | |
| fixed length control field | cr nn 008mamaa |
| 008 - FIXED-LENGTH DATA ELEMENTS--GENERAL INFORMATION | |
| fixed length control field | 170531s2017 gw | s |||| 0|eng d |
| 020 ## - INTERNATIONAL STANDARD BOOK NUMBER | |
| International Standard Book Number | 9783319559919 |
| -- | 978-3-319-55991-9 |
| 024 7# - OTHER STANDARD IDENTIFIER | |
| Standard number or code | 10.1007/978-3-319-55991-9 |
| Source of number or code | doi |
| 035 ## - SYSTEM CONTROL NUMBER | |
| System control number | (DE-He213)978-3-319-55991-9 |
| 050 #4 - LIBRARY OF CONGRESS CALL NUMBER | |
| Classification number | RC346-429.2 |
| 072 #7 - SUBJECT CATEGORY CODE | |
| Subject category code | MJN |
| Source | bicssc |
| 072 #7 - SUBJECT CATEGORY CODE | |
| Subject category code | MED056000 |
| Source | bisacsh |
| 082 04 - DEWEY DECIMAL CLASSIFICATION NUMBER | |
| Classification number | 616.8 |
| Edition number | 23 |
| 100 1# - MAIN ENTRY--PERSONAL NAME | |
| Personal name | Kondziella, Daniel. |
| Relator term | author. |
| 245 10 - TITLE STATEMENT | |
| Title | Neurology at the Bedside |
| Medium | [electronic resource] / |
| Statement of responsibility, etc. | by Daniel Kondziella, Gunhild Waldemar. |
| 250 ## - EDITION STATEMENT | |
| Edition statement | 2nd ed. 2017. |
| 264 #1 - PRODUCTION, PUBLICATION, DISTRIBUTION, MANUFACTURE, AND COPYRIGHT NOTICE | |
| Place of production, publication, distribution, manufacture | Cham : |
| Name of producer, publisher, distributor, manufacturer | Springer International Publishing : |
| -- | Imprint: Springer, |
| Date of production, publication, distribution, manufacture, or copyright notice | 2017. |
| 300 ## - PHYSICAL DESCRIPTION | |
| Extent | XXVII, 337 p. 133 illus., 72 illus. in color. |
| Other physical details | online resource. |
| 336 ## - CONTENT TYPE | |
| Content type term | text |
| Content type code | txt |
| Source | rdacontent |
| 337 ## - MEDIA TYPE | |
| Media type term | computer |
| Media type code | c |
| Source | rdamedia |
| 338 ## - CARRIER TYPE | |
| Carrier type term | online resource |
| Carrier type code | cr |
| Source | rdacarrier |
| 347 ## - DIGITAL FILE CHARACTERISTICS | |
| File type | text file |
| Encoding format | |
| Source | rda |
| 505 0# - FORMATTED CONTENTS NOTE | |
| Formatted contents note | What to expect from this book (and what not to) -- Clinical history and neuroanatomy "Where is the lesion?" -- Neurological bedside examination "Can I confirm my anatomical hypothesis?" -- Differential diagnosis "What is the lesion?" -- Ancillary investigations -- Treatment of neurological disorders. |
| 520 ## - SUMMARY, ETC. | |
| Summary, etc. | This updated and expanded new edition takes neurology trainees by the hand and guides them through the whole patient encounter - from an efficient neurological history and bedside examination through to differential diagnosis, diagnostic procedures and treatment. At each step the expert authors point out what is essential and what is not. Since the first edition, which was Highly Commended at the BMA Book Awards, chapters have been thoroughly revised and reflect the essential state-of-the-art knowledge neurologists need to acquire during their training. New graphic material has been added, as have new chapters including neurogenetics, neurorehabilitation, neurocritical care and heuristic neurological reasoning. In addition, this second edition now includes more than 100 unique case histories. Neurology at the Bedside, Second Edition is written for neurologists in all stages of training. Medical students, general practitioners and others with an interest in neurology will also find invaluable information here. |
| 650 #0 - SUBJECT ADDED ENTRY--TOPICAL TERM | |
| Topical term or geographic name entry element | Medicine. |
| 650 #0 - SUBJECT ADDED ENTRY--TOPICAL TERM | |
| Topical term or geographic name entry element | Neurology. |
| 650 14 - SUBJECT ADDED ENTRY--TOPICAL TERM | |
| Topical term or geographic name entry element | Medicine & Public Health. |
| 650 24 - SUBJECT ADDED ENTRY--TOPICAL TERM | |
| Topical term or geographic name entry element | Neurology. |
| 700 1# - ADDED ENTRY--PERSONAL NAME | |
| Personal name | Waldemar, Gunhild. |
| Relator term | author. |
| 710 2# - ADDED ENTRY--CORPORATE NAME | |
| Corporate name or jurisdiction name as entry element | SpringerLink (Online service) |
| 773 0# - HOST ITEM ENTRY | |
| Title | Springer eBooks |
| 776 08 - ADDITIONAL PHYSICAL FORM ENTRY | |
| Relationship information | Printed edition: |
| International Standard Book Number | 9783319559902 |
| 856 40 - ELECTRONIC LOCATION AND ACCESS | |
| Uniform Resource Identifier | <a href="http://dx.doi.org/10.1007/978-3-319-55991-9">http://dx.doi.org/10.1007/978-3-319-55991-9</a> |
| 912 ## - | |
| -- | ZDB-2-SME |
Inga exemplar finns tillgängliga.